Diffusion models in population genetics / (Record no. 70445)
[ view plain ]
| 000 -LEADER | |
|---|---|
| fixed length control field | 01005nam a2200277 a 4500 |
| 001 - CONTROL NUMBER | |
| control field | 70445 |
| 003 - CONTROL NUMBER IDENTIFIER | |
| rucl marc code | BD-RjUL |
| 005 - DATE AND TIME OF LATEST TRANSACTION | |
| control field | 20211209082012.0 |
| 008 - FIXED-LENGTH DATA ELEMENTS--GENERAL INFORMATION | |
| fixed length control field | 170417s1964 enk 001 0 eng d |
| 035 ## - SYSTEM CONTROL NUMBER | |
| System control number | (BD-RjUL)70659 |
| 040 ## - CATALOGING SOURCE | |
| Original cataloging agency | NZOC |
| Language of cataloging | eng |
| Transcribing agency | NZOC |
| Modifying agency | eng |
| 041 ## - LANGUAGE CODE | |
| Language code of text/sound track or separate title | eng |
| 082 ## - DEWEY DECIMAL CLASSIFICATION NUMBER | |
| Edition number | 23 |
| Classification number | 519.5 |
| Author mark and year | KID 1964 |
| 100 1# - MAIN ENTRY--PERSONAL NAME | |
| Personal name | Kimura, Motoo, |
| Dates associated with a name | 1924- |
| 9 (RLIN) | 208555 |
| 245 10 - TITLE STATEMENT | |
| Title | Diffusion models in population genetics / |
| Statement of responsibility, etc. | Motoo Kimura |
| 260 ## - PUBLICATION, DISTRIBUTION, ETC. (IMPRINT) | |
| Place of publication, distribution, etc. | London : |
| Name of publisher, distributor, etc. | Methuen, |
| Date of publication, distribution, etc. | 1964 |
| 300 ## - PHYSICAL DESCRIPTION | |
| Pagination | 56 p. ; |
| Size | 25 cm. |
| 504 ## - BIBLIOGRAPHY, ETC. NOTE | |
| Bibliography, etc | Includes bibliography and index |
| 650 #0 - SUBJECT ADDED ENTRY--TOPICAL TERM | |
| Topical term or geographic name as entry element | Statistics |
| 9 (RLIN) | 167423 |
| Topical term or geographic name as entry element | Population genetics |
| 9 (RLIN) | 218974 |
| Topical term or geographic name as entry element | Stochastic processes. |
| 9 (RLIN) | 117665 |
| Topical term or geographic name as entry element | Genetics. |
| 9 (RLIN) | 208556 |
| 830 ## - SERIES ADDED ENTRY--UNIFORM TITLE | |
| Uniform title | Methuen's monographs on applied probability and statistics. Supplementary review series in applied probability ; |
| Volume number/sequential designation | v.2 |
| 942 ## - ADDED ENTRY ELEMENTS (KOHA) | |
| Source of classification or shelving scheme | Dewey Decimal Classification |
| Koha item type | Books |
| Lost status | Source of classification or shelving scheme | Damaged status | Not for loan | Collection code | Permanent Location | Current Location | Shelving location | Date acquired | Source of acquisition | Cost, normal purchase price | Total Checkouts | Full call number | Date last seen | Copy number | Koha item type |
|---|---|---|---|---|---|---|---|---|---|---|---|---|---|---|---|
| Dewey Decimal Classification | Not For Loan | Non-fiction | Central Library, University of Rajshahi | Central Library, University of Rajshahi | Reading Room | 19/01/1967 | Euro- pak | 0.00 | 519.5 KID 1964 | 17/04/2017 | C-1 | Books |